000 00535nam a22001817a 4500
003 CEME
005 20210628210706.0
008 210211b xxu||||| |||| 00| 0 eng d
020 _a0-471-32751-4
040 _c.
082 _a005.7585 WAT
100 _aWatterson, Karen Wells, Garth Shadish, Bill
_980576
245 _a10 project you can do with microsoft sql server 7
260 _aNEW YORK
_bJOHN WILEY
_c2000
300 _a700P
650 _aCLIENT SERVER COMPUTING SQL SERVER MICROSOFT SQL SERVER 7
_980577
942 _cBK
_2ddc
999 _c585483
_d585483